zpět

Detail výsledku týmu

Hvjezda, Teplice

Datum a čas kvízu

30 Celkem bodů Celkový počet nahraných bodů na tomto kvízu bez doplňovacích otázek.
5. Pořadí na kvízu Konečné umístění týmu na tomto kvízu.

Zaznamenané odpovědi

# Otázka Odpověď Body Výsledky
1. Portréty prvních dam jsou oblí... o Livii Klausové 1
2. Britské bankovky budou mít nov... C 1
3. Který pořad České televize osl... Branky, body, vteřiny 1
4. Minulý týden jste se mohli doč... D 1
5. V závěrečné fázi Ligy mistrů U... Antonín Kinský; Tottenham (Hotspur FC) 1
6. Nejrozšířenějším „národním spo... D 0
7. Za národní sport lze považovat... národní házená (česká házená) 0
8. Některé země mají svůj národní... lakros 0
9. U uzákoněných národních sportů... polo; basketbal 0.5
10. I medailové úspěchy z olympijs... D 1